Začiatkom júna tráva v barine

Podrobná bibliografia
Hlavný autor: Mihálik, Vojtech, 1926-2001 (Autor)
Médium: Článok
Jazyk:slovenčina
Predmet:

MARC

LEADER 00000nab a2200000 a 4500
001 vtls000357819
003 SK-MaSNL
005 20260304013918.0
008 241209c1989 xo 0 slo
015 |a SNBRB19rr/mm-uuuuu 
035 |a CL0357941 
040 |a SNKBUCL  |b slo  |c SNKBUCL  |e AACR2 
041 0 |a slo 
044 |a xo  |c SK 
080 |a 885.4-1  |2 1981 
100 1 |a Mihálik, Vojtech,  |d 1926-2001  |4 aut  |9 13821 
245 1 0 |a Začiatkom júna tráva v barine  |c Vojtech Mihálik 
655 7 |a slovenská poézia  |2 snkbucl  |9 70444 
655 7 |a články z novín a časopisov  |2 snkbucl  |9 267496 
655 7 |a články z odboru literárna veda a krásna literatúra  |2 snkbucl  |9 770045 
773 0 |t Nové slovo  |g Roč. 31, č. 26 (1989), s. 17 
850 |a Slovenská národná knižnica 
852 |a Slovenská národná knižnica 
958 |a RK 
958 |a LX 
992 |a RBX 
999 |c 2579366  |d 2581296